[Event "RUS-chT blitz"]
[Site "Sochi"]
[Date "2016.10.07"]
[Round "13.4"]
[White "Paravyan, David"]
[Black "Kamsky, Gata"]
[Result "1/2-1/2"]
[WhiteElo "2528"]
[BlackElo "2637"]
[PlyCount "181"]
[EventDate "2016.10.07"]
[EventType "team-swiss (blitz)"]
[EventRounds "15"]
[EventCountry "RUS"]
[SourceTitle "EXT 2017"]
[Source "ChessBase"]
[SourceDate "2016.10.25"]
[SourceVersion "1"]
[SourceVersionDate "2016.10.25"]
[SourceQuality "1"]
[WhiteTeam "Moscow Spartak"]
[BlackTeam "Tatarstan Rook"]
[WhiteTeamCountry "RUS"]
[BlackTeamCountry "RUS"]

1. e4 c5 2. Nf3 e6 3. Bd3 b6 4. O-O Bb7 5. c3 Nf6 6. Re1 Be7 7. Bc2 Nc6 8. d3
O-O 9. Nbd2 Rc8 10. Nf1 d6 11. Ng3 Ne5 12. Nd2 Ng6 13. Nf3 Qc7 14. h3 Rfe8 15.
Be3 d5 16. e5 Nd7 17. d4 cxd4 18. Bxd4 Ba6 19. h4 h6 20. h5 Ngf8 21. Nh2 Bg5
22. Qg4 f5 23. Qd1 Nb8 24. Nf3 Be7 25. Ne2 Nc6 26. Nf4 Nxd4 27. Nxd4 Bg5 28.
Qf3 Qf7 29. g3 Kh8 30. Ba4 Re7 31. Bb3 Bc4 32. Rad1 Bxb3 33. axb3 a5 34. Kg2
Qe8 35. Nd3 b5 36. Qe2 Rb7 37. f4 Bd8 38. g4 Bb6 39. gxf5 Bxd4 40. cxd4 exf5
41. Nc5 Rb6 42. Rc1 Ne6 43. Nxe6 Qxe6 44. Rxc8+ Qxc8 45. e6 Rc6 46. e7 Qe8 47.
Qe5 Rf6 48. Qxd5 Kh7 49. Qd8 Qxh5 50. e8=Q Rg6+ 51. Qxg6+ Qxg6+ 52. Kf2 Qg4 53.
Qd6 Qh4+ 54. Ke2 Qh2+ 55. Kd1 Qxb2 56. Qd5 Qb1+ 57. Ke2 Qc2+ 58. Kf1 a4 59.
bxa4 bxa4 60. Re2 Qd3 61. Kf2 a3 62. Ra2 h5 63. Qc5 h4 64. Rxa3 Qd2+ 65. Kf3
Qd1+ 66. Ke3 Qe1+ 67. Kd3 Qe4+ 68. Kc4 Qxf4 69. Qe5 Qf1+ 70. Kd5 h3 71. Ke6
Qc4+ 72. d5 Qc8+ 73. Ke7 Qb7+ 74. Kd8 Qb6+ 75. Qc7 Qh6 76. Qh2 Qb6+ 77. Qc7 Qh6
78. Qh2 Qb6+ 79. Ke7 Qb4+ 80. Qd6 Qh4+ 81. Kf7 Qh5+ 82. Kf8 Qh4 83. Ra7 Qd4 84.
Qe7 h2 85. Qxg7+ Qxg7+ 86. Rxg7+ Kh8 87. Rg8+ Kh7 88. Rg7+ Kh8 89. Rg8+ Kh7 90.
Rg7+ Kh8 91. Rg8+ 1/2-1/2

[Event "Chigorin Memorial 24th"]
[Site "St Petersburg"]
[Date "2016.10.15"]
[Round "1"]
[White "Nasybullina, Alfia"]
[Black "Kamsky, Gata"]
[Result "0-1"]
[WhiteElo "2149"]
[BlackElo "2637"]
[PlyCount "84"]
[EventDate "2016.10.15"]
[EventType "swiss"]
[EventRounds "9"]
[EventCountry "RUS"]
[SourceTitle "CBM 175 Extra"]
[Source "ChessBase"]
[SourceDate "2016.12.12"]
[SourceVersion "1"]
[SourceVersionDate "2016.12.12"]
[SourceQuality "1"]

1. d4 Nf6 2. Nf3 g6 3. Bg5 Bg7 4. Nbd2 h6 5. Bh4 d6 6. e4 O-O 7. Be2 c5 8. c3
cxd4 9. cxd4 Nh5 10. Bg3 Bd7 11. O-O Nc6 12. Nc4 Nxg3 13. hxg3 b5 14. Ne3 Qb6
15. Nd5 Qb7 16. a3 Bg4 17. Rc1 Rac8 18. Qd3 Bxf3 19. Qxb5 Qxb5 20. Bxb5 Bxe4
21. Bxc6 Bxd5 22. Bxd5 Bxd4 23. b4 Bb2 24. Rxc8 Rxc8 25. a4 e6 26. Rb1 Ba3 27.
Bb3 Bxb4 28. Bxe6 fxe6 29. Rxb4 Rc7 30. Kf1 Kf7 31. Ke2 e5 32. Kd3 Ke6 33. Rb8
Rc5 34. Rg8 Rd5+ 35. Ke3 Kf7 36. Rd8 a5 37. Rd7+ Kf6 38. Ra7 h5 39. Ke2 g5 40.
Ke3 g4 41. f3 Rc5 42. Ra8 Rc2 0-1

[Event "Chigorin Memorial 24th"]
[Site "St Petersburg"]
[Date "2016.10.16"]
[Round "2"]
[White "Kamsky, Gata"]
[Black "Pershin, Denis"]
[Result "1-0"]
[WhiteElo "2637"]
[BlackElo "2345"]
[PlyCount "75"]
[EventDate "2016.10.15"]
[EventType "swiss"]
[EventRounds "9"]
[EventCountry "RUS"]
[SourceTitle "CBM 175 Extra"]
[Source "ChessBase"]
[SourceDate "2016.12.12"]
[SourceVersion "1"]
[SourceVersionDate "2016.12.12"]
[SourceQuality "1"]

1. g3 Nf6 2. Bg2 d5 3. d3 e6 4. f4 c5 5. Nf3 Nc6 6. O-O Bd6 7. Nc3 d4 8. Nb5
Be7 9. a4 O-O 10. Na3 Qc7 11. c3 Rd8 12. cxd4 cxd4 13. Bd2 Bd7 14. Rc1 Bxa3 15.
bxa3 Qd6 16. Qb3 Rab8 17. Rc4 Be8 18. Rfc1 Nd7 19. a5 e5 20. Ng5 exf4 21. Bxf4
Nde5 22. Rc5 Qe7 23. Be4 h6 24. Nf3 Nxf3+ 25. exf3 Rbc8 26. a6 b6 27. R5c2 Bd7
28. Kf2 Be6 29. Qb5 Na5 30. Qb4 Rxc2+ 31. Rxc2 Qe8 32. g4 Bc8 33. Bc7 Rd7 34.
Bxb6 axb6 35. Qxb6 Nb3 36. a7 Bb7 37. Bxb7 Qe3+ 38. Kg2 1-0

[Event "Chigorin Memorial 24th"]
[Site "St Petersburg"]
[Date "2016.10.17"]
[Round "3"]
[White "Gusain, Himal"]
[Black "Kamsky, Gata"]
[Result "0-1"]
[WhiteElo "2428"]
[BlackElo "2637"]
[PlyCount "76"]
[EventDate "2016.10.15"]
[EventType "swiss"]
[EventRounds "9"]
[EventCountry "RUS"]
[SourceTitle "CBM 175 Extra"]
[Source "ChessBase"]
[SourceDate "2016.12.12"]
[SourceVersion "1"]
[SourceVersionDate "2016.12.12"]
[SourceQuality "1"]

1. e4 c5 2. Nf3 e6 3. b3 Nc6 4. Bb2 a6 5. c4 b6 6. Qe2 Nge7 7. g3 Ng6 8. Bg2
Bb7 9. O-O h5 10. h4 Qc7 11. d3 Nge5 12. Nxe5 Nxe5 13. Nd2 Be7 14. f4 Nc6 15.
Bf3 O-O-O 16. Bxh5 f6 17. Bf3 g5 18. hxg5 fxg5 19. Bxh8 Rxh8 20. Bg2 Nd4 21.
Qg4 Nc2 22. Rac1 Ne3 23. Qe2 Nxf1 24. Rxf1 gxf4 25. gxf4 Rg8 26. Qe3 Qd8 27.
Nf3 Rg3 28. Qf2 Qg8 29. Ng5 Rxd3 30. e5 Rd4 31. Bxb7+ Kxb7 32. Qg2+ Kc7 33. Nh3
Qh8 34. Kh2 Qh5 35. Rf3 Bh4 36. Qe2 Be1 37. Kg1 Bg3 38. Qe3 Qxh3 0-1

[Event "Chigorin Memorial 24th"]
[Site "St Petersburg"]
[Date "2016.10.19"]
[Round "5"]
[White "Alekseenko, Kirill"]
[Black "Kamsky, Gata"]
[Result "1/2-1/2"]
[WhiteElo "2554"]
[BlackElo "2637"]
[PlyCount "80"]
[EventDate "2016.10.15"]
[EventType "swiss"]
[EventRounds "9"]
[EventCountry "RUS"]
[SourceTitle "CBM 175 Extra"]
[Source "ChessBase"]
[SourceDate "2016.12.12"]
[SourceVersion "1"]
[SourceVersionDate "2016.12.12"]
[SourceQuality "1"]

1. e4 c5 2. Nf3 e6 3. d4 cxd4 4. Nxd4 a6 5. Nc3 b5 6. Bd3 Bb7 7. O-O Nc6 8.
Nxc6 Bxc6 9. Qe2 Bc5 10. a4 b4 11. Nd5 Nf6 12. Bg5 a5 13. Bb5 Bxb5 14. Qxb5 Bd4
15. c3 bxc3 16. bxc3 h6 17. Bf4 exd5 18. cxd4 O-O 19. exd5 d6 20. Rab1 Re8 21.
h3 Ne4 22. Qd3 Qf6 23. Be3 h5 24. Rfc1 Re7 25. Rc6 g5 26. Qd1 Qg6 27. Rbc1 Rae8
28. Rc8 Kg7 29. Qf3 g4 30. hxg4 hxg4 31. Qf4 g3 32. Rxe8 Rxe8 33. Re1 Rh8 34.
fxg3 Nxg3 35. Kf2 Ne4+ 36. Qxe4 Qxe4 37. Bh6+ Rxh6 38. Rxe4 Rh5 39. Rg4+ Kf6
40. Rg8 Rxd5 1/2-1/2

[Event "Chigorin Memorial 24th"]
[Site "St Petersburg"]
[Date "2016.10.20"]
[Round "6"]
[White "Kamsky, Gata"]
[Black "Moskalenko, Alexander"]
[Result "1-0"]
[WhiteElo "2637"]
[BlackElo "2490"]
[PlyCount "109"]
[EventDate "2016.10.15"]
[EventType "swiss"]
[EventRounds "9"]
[EventCountry "RUS"]
[SourceTitle "CBM 175 Extra"]
[Source "ChessBase"]
[SourceDate "2016.12.12"]
[SourceVersion "1"]
[SourceVersionDate "2016.12.12"]
[SourceQuality "1"]

1. Nf3 d5 2. g3 c6 3. Bg2 Bg4 4. d4 Nd7 5. Nbd2 Ngf6 6. O-O e6 7. Re1 Be7 8. c3
O-O 9. e4 Bh5 10. Qb3 Qb6 11. exd5 cxd5 12. Qxb6 axb6 13. Bf1 Ne4 14. Nxe4 Bxf3
15. Ng5 Bg4 16. h4 Bd6 17. Kg2 Bf5 18. f3 Ra5 19. Bd2 Rfa8 20. g4 Bc2 21. Rac1
Ba4 22. c4 R5a7 23. cxd5 exd5 24. Bd3 Nf8 25. a3 Bc6 26. Bc2 Ba4 27. Bf5 Bd7
28. Bxd7 Nxd7 29. Bb4 Bxb4 30. axb4 h6 31. Nh3 Ra4 32. Re7 Nf8 33. Nf4 Rxb4 34.
Kg3 Rxd4 35. Rxb7 Rb4 36. Nxd5 Rxb2 37. Ne7+ Kh7 38. Rc8 Rxc8 39. Nxc8 Kg6 40.
Nd6 Rd2 41. Nxf7 Rd5 42. f4 Kh7 43. Rxb6 Ng6 44. f5 Ne5 45. Nxe5 Rxe5 46. Kf4
Re8 47. g5 hxg5+ 48. hxg5 Kg8 49. Rb7 Kh8 50. f6 gxf6 51. gxf6 Ra8 52. Kf5 Kg8
53. Kg6 Rc8 54. Rg7+ Kf8 55. Rh7 1-0

[Event "Chigorin Memorial 24th"]
[Site "St Petersburg"]
[Date "2016.10.21"]
[Round "7"]
[White "Ponkratov, Pavel"]
[Black "Kamsky, Gata"]
[Result "1/2-1/2"]
[WhiteElo "2589"]
[BlackElo "2637"]
[PlyCount "54"]
[EventDate "2016.10.15"]
[EventType "swiss"]
[EventRounds "9"]
[EventCountry "RUS"]
[SourceTitle "CBM 175 Extra"]
[Source "ChessBase"]
[SourceDate "2016.12.12"]
[SourceVersion "1"]
[SourceVersionDate "2016.12.12"]
[SourceQuality "1"]

1. Nf3 Nf6 2. c4 b6 3. Nc3 c5 4. d4 cxd4 5. Nxd4 Bb7 6. f3 Nc6 7. e4 e6 8. Be3
Bc5 9. Qd2 O-O 10. Nxc6 Bxc6 11. e5 Ne8 12. Bd3 Qh4+ 13. Qf2 Qxf2+ 14. Kxf2 f6
15. Bxc5 bxc5 16. Rhe1 Rb8 17. b3 Kf7 18. Be4 Bxe4 19. Nxe4 Rc8 20. f4 Ke7 21.
Kg3 fxe5 22. fxe5 Rf5 23. Nf2 Rg5+ 24. Kh3 Rh5+ 25. Kg3 Rg5+ 26. Kh3 Rh5+ 27.
Kg3 Rg5+ 1/2-1/2

[Event "Chigorin Memorial 24th"]
[Site "St Petersburg"]
[Date "2016.10.22"]
[Round "8"]
[White "Kamsky, Gata"]
[Black "Tran, Tuan Minh"]
[Result "1-0"]
[WhiteElo "2637"]
[BlackElo "2468"]
[PlyCount "65"]
[EventDate "2016.10.15"]
[EventType "swiss"]
[EventRounds "9"]
[EventCountry "RUS"]
[SourceTitle "CBM 175 Extra"]
[Source "ChessBase"]
[SourceDate "2016.12.12"]
[SourceVersion "1"]
[SourceVersionDate "2016.12.12"]
[SourceQuality "1"]

1. d4 Nf6 2. Nf3 e6 3. Bf4 c5 4. e3 Nc6 5. Nbd2 d5 6. c3 Bd6 7. Bg3 O-O 8. Bd3
b6 9. Qe2 Bb7 10. Rd1 Re8 11. e4 Be7 12. e5 Nh5 13. a3 a5 14. Nf1 g6 15. Ne3 c4
16. Bb1 b5 17. Ng4 b4 18. a4 Ba6 19. O-O Rb8 20. Qd2 bxc3 21. bxc3 Rb3 22. h4
Qb6 23. Bh2 Rb8 24. Nh6+ Kf8 25. g4 Ng7 26. Bc2 Rb2 27. Bf4 Qb3 28. Rc1 Nb4 29.
Bxb3 Rxd2 30. Bxd2 cxb3 31. cxb4 Bxf1 32. Kxf1 Bxb4 33. Rb1 1-0

[Event "Chigorin Memorial 24th"]
[Site "St Petersburg"]
[Date "2016.10.23"]
[Round "9"]
[White "Sengupta, Deep"]
[Black "Kamsky, Gata"]
[Result "0-1"]
[WhiteElo "2570"]
[BlackElo "2637"]
[PlyCount "228"]
[EventDate "2016.10.15"]
[EventType "swiss"]
[EventRounds "9"]
[EventCountry "RUS"]
[SourceTitle "CBM 175 Extra"]
[Source "ChessBase"]
[SourceDate "2016.12.12"]
[SourceVersion "1"]
[SourceVersionDate "2016.12.12"]
[SourceQuality "1"]

1. e4 c5 2. Nf3 e6 3. d4 cxd4 4. Nxd4 a6 5. Be2 Nf6 6. Nc3 d6 7. O-O Nbd7 8. f4
b5 9. Bf3 Bb7 10. Qe2 b4 11. Nd5 exd5 12. exd5+ Be7 13. Nf5 Nb6 14. Re1 Nbxd5
15. c4 bxc3 16. bxc3 Qd7 17. Rb1 Qxf5 18. Rxb7 O-O 19. c4 Nxf4 20. Bxf4 Qxf4
21. Rxe7 Rac8 22. c5 Rxc5 23. Qxa6 h5 24. Qd3 Ra5 25. a3 h4 26. Rd1 d5 27. Qe3
Qd6 28. Ra7 Re8 29. Qd4 Rxa7 30. Qxa7 h3 31. gxh3 Rc8 32. Qe3 Rc2 33. Bg2 Ra2
34. Qc3 Qa6 35. Qd3 Qa7+ 36. Qd4 Qxa3 37. Bxd5 Nxd5 38. Qxd5 Qe3+ 39. Kh1 Qf2
40. Qd8+ Kh7 41. Qd3+ g6 42. Qg3 Qf6 43. Kg1 Qb6+ 44. Kh1 Qc6+ 45. Kg1 Qc5+ 46.
Kh1 Kg7 47. Re1 Ra3 48. Qg2 Qc3 49. Rf1 Qxh3 50. Qf2 Ra7 51. Qf6+ Kg8 52. Rd1
Ra8 53. Rd8+ Rxd8 54. Qxd8+ Kg7 55. Qd4+ f6 56. Kg1 Qf3 57. Qd7+ Kh6 58. Qe8
Kg5 59. Qe7 Kg4 60. Qd7+ f5 61. Qd4+ Qe4 62. Qd1+ Kh4 63. Qd6 Kh5 64. Kf2 g5
65. Qd7 Kg4 66. Qd1+ Kh4 67. Qa1 Qf4+ 68. Kg2 Qd2+ 69. Kg1 Qe3+ 70. Kg2 Qe2+
71. Kg1 f4 72. Qh8+ Qh5 73. Qa1 Qe8 74. Qb2 Qe3+ 75. Kf1 Qf3+ 76. Kg1 Qg4+ 77.
Kf1 Qf3+ 78. Kg1 Kg4 79. Qc2 Qe3+ 80. Kf1 Qe6 81. Qg2+ Kh5 82. Qf3+ Qg4 83. Qd3
Qe6 84. Qf3+ Kh6 85. Qc3 g4 86. Qh8+ Kg6 87. Qc3 Qe4 88. Qh8 Qh1+ 89. Ke2 Qf3+
90. Ke1 Qh1+ 91. Kd2 Qg2+ 92. Ke1 Qg1+ 93. Kd2 Qe3+ 94. Kd1 g3 95. Qg8+ Kf5 96.
Qc8+ Kg5 97. hxg3 fxg3 98. Qg8+ Kh4 99. Qh7+ Kg4 100. Qd7+ Kf3 101. Qf5+ Kg2
102. Qg6 Kg1 103. Qg4 Kf2 104. Qh4 Kg1 105. Qg4 Kf2 106. Qh4 Qd3+ 107. Kc1 Kg1
108. Kb2 g2 109. Qe1+ Qf1 110. Qe5 Qf2+ 111. Ka3 Qf3+ 112. Ka4 Kf2 113. Qc5+
Kg3 114. Qg1 Qf2 0-1

[Event "BL2-Sued 1617"]
[Site "Germany"]
[Date "2016.11.20"]
[Round "2.3"]
[White "Kamsky, Gata"]
[Black "Smirin, Ilia"]
[Result "1-0"]
[WhiteElo "2637"]
[BlackElo "2685"]
[PlyCount "79"]
[EventDate "2016.10.16"]
[EventType "team-tourn"]
[EventRounds "9"]
[EventCountry "GER"]
[SourceTitle "CBM 175 Extra"]
[Source "ChessBase"]
[SourceDate "2016.12.12"]
[SourceVersion "1"]
[SourceVersionDate "2016.12.12"]
[SourceQuality "1"]
[WhiteTeam "Deizisau"]
[BlackTeam "Viernheim"]
[WhiteTeamCountry "GER"]
[BlackTeamCountry "GER"]

1. d4 Nf6 2. Nf3 g6 3. Bf4 Bg7 4. c3 d6 5. h3 O-O 6. e3 c5 7. dxc5 dxc5 8. Qxd8
Rxd8 9. Nbd2 Nc6 10. Bc7 Rd7 11. Bh2 Rd8 12. Bb5 Bd7 13. a4 a6 14. Be2 b5 15.
O-O b4 16. Rac1 Bf5 17. cxb4 Nxb4 18. Rxc5 Nd3 19. Bxd3 Bxd3 20. Re1 e6 21. Nd4
Nd5 22. N2f3 Bf8 23. Rcc1 Nb4 24. Ne5 a5 25. Ndc6 Nxc6 26. Nxc6 Rdc8 27. Rc3
Ba6 28. Be5 Bb7 29. Rec1 h6 30. h4 Kh7 31. Nxa5 Rxc3 32. Bxc3 Bd5 33. Be1 Rb8
34. b3 g5 35. h5 g4 36. Rc7 e5 37. Bc3 e4 38. Be5 Re8 39. Bf4 Kg8 40. Nc4 1-0

[Event "BL2-Sued 1617"]
[Site "Germany"]
[Date "2017.01.15"]
[Round "4.2"]
[White "Wieczorek, Oskar"]
[Black "Kamsky, Gata"]
[Result "1-0"]
[WhiteElo "2465"]
[BlackElo "2669"]
[PlyCount "71"]
[EventDate "2016.10.16"]
[EventType "team-tourn"]
[EventRounds "9"]
[EventCountry "GER"]
[SourceTitle "EXT 2018"]
[Source "ChessBase"]
[SourceDate "2017.10.13"]
[SourceVersion "1"]
[SourceVersionDate "2017.10.13"]
[SourceQuality "1"]
[WhiteTeam "Heusenstamm"]
[BlackTeam "Deizisau"]
[WhiteTeamCountry "GER"]
[BlackTeamCountry "GER"]

1. e4 g6 2. d4 Bg7 3. Nc3 d6 4. g3 Nc6 5. Be3 Nf6 6. h3 O-O 7. Bg2 e5 8. Nge2
exd4 9. Nxd4 Bd7 10. O-O Re8 11. Re1 a6 12. Nxc6 bxc6 13. Qd3 Qc8 14. Kh2 Rb8
15. b3 c5 16. Rad1 Bc6 17. Nd5 Nxd5 18. exd5 Bd7 19. Bd2 Bf5 20. Qc4 h5 21.
Rxe8+ Qxe8 22. Re1 Qd7 23. Qxa6 Bxc2 24. Qc6 Qd8 25. Ba5 Rc8 26. Bxc7 Qxc7 27.
Re8+ Rxe8 28. Qxc7 Re2 29. Qxd6 Bd4 30. Qc6 h4 31. d6 Bxf2 32. gxh4 Bxh4 33.
Qc8+ Kg7 34. Qg4 Rd2 35. Qxh4 Rxd6 36. Qc4 1-0

[Event "BL2-Sued 1617"]
[Site "Germany"]
[Date "2017.02.19"]
[Round "6.2"]
[White "Kamsky, Gata"]
[Black "Danin, Alexandre"]
[Result "1-0"]
[WhiteElo "2669"]
[BlackElo "2585"]
[PlyCount "113"]
[EventDate "2016.10.16"]
[EventType "team-tourn"]
[EventRounds "9"]
[EventCountry "GER"]
[SourceTitle "EXT 2018"]
[Source "ChessBase"]
[SourceDate "2017.10.13"]
[SourceVersion "1"]
[SourceVersionDate "2017.10.13"]
[SourceQuality "1"]
[WhiteTeam "Deizisau"]
[BlackTeam "Schoenaich"]
[WhiteTeamCountry "GER"]
[BlackTeamCountry "GER"]

1. Nf3 Nf6 2. g3 g6 3. Bg2 Bg7 4. c4 c6 5. O-O O-O 6. b3 Ne4 7. d4 d5 8. Bb2 a5
9. e3 Bf5 10. Nfd2 Na6 11. cxd5 cxd5 12. Nxe4 Bxe4 13. Bxe4 dxe4 14. Nc3 f5 15.
Ba3 Rf6 16. Qe2 Rc6 17. Rac1 Nc7 18. Na4 Rxc1 19. Rxc1 b5 20. Nb6 Rb8 21. Rc6
Nd5 22. Nxd5 Qxd5 23. Qc2 Bf6 24. Rc5 Qe6 25. Bb2 Qd7 26. Kg2 Kf7 27. a4 bxa4
28. bxa4 Rb4 29. Rxa5 f4 30. exf4 Qg4 31. Rb5 Qf3+ 32. Kf1 Qh1+ 33. Ke2 Qf3+
34. Ke1 Qh1+ 35. Kd2 Rxb5 36. axb5 Qf1 37. Qxe4 Qxb5 38. Bc3 Qc4 39. f5 g5 40.
g4 Qf1 41. Qe2 Qh1 42. f3 Kf8 43. Bb4 Qb1 44. Bc5 Qb2+ 45. Ke1 Qa1+ 46. Qd1 Qb2
47. Qd2 Qa1+ 48. Ke2 Qb1 49. h4 h6 50. h5 Kg7 51. Kf2 Qh1 52. Qe2 Kf8 53. Qe4
Qh2+ 54. Kf1 Qh1+ 55. Ke2 Qc1 56. Qe6 Ke8 57. Bxe7 1-0

[Event "BL2-Sued 1617"]
[Site "Germany"]
[Date "2017.03.19"]
[Round "7.2"]
[White "Miezis, Normunds"]
[Black "Kamsky, Gata"]
[Result "0-1"]
[WhiteElo "2505"]
[BlackElo "2669"]
[PlyCount "48"]
[EventDate "2016.10.16"]
[EventType "team-tourn"]
[EventRounds "9"]
[EventCountry "GER"]
[SourceTitle "EXT 2018"]
[Source "ChessBase"]
[SourceDate "2017.10.13"]
[SourceVersion "1"]
[SourceVersionDate "2017.10.13"]
[SourceQuality "1"]
[WhiteTeam "Emmendingen"]
[BlackTeam "Deizisau"]
[WhiteTeamCountry "GER"]
[BlackTeamCountry "GER"]

1. c4 c6 2. e4 d5 3. cxd5 cxd5 4. exd5 Nf6 5. Nc3 Nxd5 6. Nf3 Nc6 7. Bb5 e6 8.
O-O Be7 9. d4 O-O 10. Re1 a6 11. Bxc6 bxc6 12. Ne5 Bb7 13. Na4 c5 14. Nxc5 Bxc5
15. dxc5 Qc7 16. Qg4 Nf6 17. Qh4 Qxc5 18. Bh6 Ne8 19. Rad1 gxh6 20. Qxh6 Ng7
21. b4 Qxb4 22. Nd7 f5 23. Rb1 Qa5 24. Re3 Qd5 0-1

[Event "EU-Cup 32nd"]
[Site "Novi Sad"]
[Date "2016.11.06"]
[Round "1.2"]
[White "Kamsky, Gata"]
[Black "Niemi, Kalle"]
[Result "1-0"]
[WhiteElo "2648"]
[BlackElo "2337"]
[PlyCount "95"]
[EventDate "2016.11.06"]
[EventType "team-swiss"]
[EventRounds "7"]
[EventCountry "SRB"]
[SourceTitle "CBM 176"]
[Source "ChessBase"]
[SourceDate "2017.01.17"]
[SourceVersion "1"]
[SourceVersionDate "2017.01.17"]
[SourceQuality "1"]
[WhiteTeam "Kazan Ladya"]
[BlackTeam "Salon Shakkikerho"]
[WhiteTeamCountry "RUS"]
[BlackTeamCountry "FIN"]

1. Nf3 Nf6 2. c4 e6 3. g3 d5 4. Bg2 dxc4 5. Qa4+ Bd7 6. Qxc4 c5 7. Ne5 Qc8 8.
O-O Nc6 9. Nxd7 Qxd7 10. Nc3 Rc8 11. d3 Be7 12. Qa4 O-O 13. Rd1 Rfd8 14. Bd2 b6
15. a3 Nd4 16. Qxd7 Rxd7 17. Rab1 Nb3 18. Be1 Ng4 19. h3 Ne5 20. Kf1 Nc6 21. f4
Nca5 22. e3 Rcd8 23. Ke2 f5 24. Na2 Rc8 25. Bxa5 Nxa5 26. b4 cxb4 27. axb4 Rc2+
28. Rd2 Rxd2+ 29. Kxd2 Nc4+ 30. Ke2 Nd6 31. Rc1 a5 32. Rc6 Bd8 33. bxa5 bxa5
34. Nc3 Kf7 35. d4 Ke7 36. Ra6 Rc7 37. Kd3 Kd7 38. Na4 Ke7 39. Nc5 Rc8 40. Bc6
Rc7 41. g4 h6 42. Ba4 g5 43. Bb3 fxg4 44. hxg4 gxf4 45. exf4 Nb7 46. Rxe6+ Kf8
47. Ne4 Rg7 48. Rxh6 1-0